Diseño estratégico de los canales (Registro nro. 14480)
[ vista simple ]
| 000 -LEADER | |
|---|---|
| fixed length control field | 00389 a2200133 4500 |
| 001 - CONTROL NUMBER | |
| control field | ART_10018 |
| 005 - DATE AND TIME OF LATEST TRANSACTION | |
| control field | 20260410161653.0 |
| 008 - FIXED-LENGTH DATA ELEMENTS--GENERAL INFORMATION | |
| fixed length control field | 260409a |
| 100 1# - MAIN ENTRY--PERSONAL NAME | |
| Personal name | Anderson, Erin |
| 245 10 - TITLE STATEMENT | |
| Title | Diseño estratégico de los canales |
| 700 1# - ADDED ENTRY--PERSONAL NAME | |
| Personal name | Day, George S. |
| 700 1# - ADDED ENTRY--PERSONAL NAME | |
| Personal name | Rangan, V. Kasturi |
| 773 0# - HOST ITEM ENTRY | |
| Title | Harvard Deusto Business Review |
| Related parts | - Nº 86 (sep./oct 1998) |
| Record control number | REV521 |
No hay ítems disponibles.